Ley de enjuiciamiento criminal : edición oficial edición oficial
ISBN:
84-340-0447-X
Publicado:
Madrid :
Ministerio de Justicia, Comisión General de Codificación : Boletín Oficial del Estado ,
1975
Descripción Física:
600 p. ; 17 cm
Colección:
Colección textos legales ; 40
MARC
| LEADER | 00000nam a2200000Ia 4500 | ||
|---|---|---|---|
| 001 | 14218 | ||
| 008 | 160829s1975 xx 000 0 cat d | ||
| 020 | |a 84-340-0447-X | ||
| 080 | |a D-2-109 | ||
| 110 | 1 | |a Espanya. |t Ley de enjuiciamiento criminal (1882) |9 56583 | |
| 245 | |a Ley de enjuiciamiento criminal : |b edición oficial | ||
| 250 | |a 5a ed. | ||
| 260 | |a Madrid : |b Ministerio de Justicia, Comisión General de Codificación : |b Boletín Oficial del Estado, |c 1975 | ||
| 300 | |a 600 p. ; |c 17 cm | ||
| 490 | |a Colección textos legales ; 40 | ||
| 590 | |a Índex | ||
| 610 | 1 | 0 | |a Espanya. |t Ley de enjuiciamiento criminal (1882) |9 56583 |
| 650 | |a Procediment penal |x Dret i legislació |x Espanya |9 24729 | ||
| 700 | |a Espanya. Ministerio de Justicia. Comisión General de Codificación |9 23253 | ||
| 901 | |a Arxiu | ||
| 942 | |n 1 | ||
| 952 | |0 0 |1 0 |4 0 |6 D2109 |7 1 |9 42634 |a Arxiu |b Arxiu |d 2016-12-01 |l 0 |o D-2-109 |p 14218 |r 2016-12-01 00:00:00 |w 2016-12-01 |y ARXIU | ||
| 999 | |c 45140 |d 45140 | ||